Basics of Agricultural Biotechnology (Record no. 15640)
[ view plain ]
| 000 -LEADER | |
|---|---|
| fixed length control field | 00380nam a22001457a 4500 |
| 003 - CONTROL NUMBER IDENTIFIER | |
| control field | OSt |
| 008 - FIXED-LENGTH DATA ELEMENTS--GENERAL INFORMATION | |
| fixed length control field | 190522b ||||| |||| 00| 0 eng d |
| 020 ## - INTERNATIONAL STANDARD BOOK NUMBER | |
| ISBN | 9789350304785 |
| 082 ## - DEWEY DECIMAL CLASSIFICATION NUMBER | |
| Classification number | 660.6 |
| Item number | MAC/BA |
| 100 ## - MAIN ENTRY--AUTHOR NAME | |
| Personal name | Mackay, Stewart |
| 245 ## - TITLE STATEMENT | |
| Title | Basics of Agricultural Biotechnology |
| 260 ## - PUBLICATION, DISTRIBUTION, ETC. (IMPRINT) | |
| Place of publication | Jaidpur & New Delhi |
| Name of publisher | Oxford Book company |
| Year of publication | 2019 |
| 300 ## - PHYSICAL DESCRIPTION | |
| Number of Pages | 280 p. |
| 942 ## - ADDED ENTRY ELEMENTS (KOHA) | |
| Koha item type | Books |
| Withdrawn status | Lost status | Damaged status | Collection code | Home library | Current library | Shelving location | Date acquired | Cost, normal purchase price | Full call number | Accession Number | Koha item type |
|---|---|---|---|---|---|---|---|---|---|---|---|
| Non-fiction | KAUAET | KAUAET | General Stacks | 22/05/2019 | 2195.00 | 660.6 MAC/BA | 25889 | Books | |||
| Non-fiction | KAUAET | KAUAET | General Stacks | 27/05/2019 | 2195.00 | 660.6 MAC/BA | 25975 | Books |
